La sociedad de conferencias de la Habana y su época. / (Registro nro. 32348)
[ vista simple ]
| 000 -CABECERA | |
|---|---|
| campo de control de longitud fija | 00707nam a2200193 a 4500 |
| 001 - NÚMERO DE CONTROL | |
| campo de control | 000032857 |
| 005 - FECHA Y HORA DE LA ÚLTIMA TRANSACCIÓN | |
| campo de control | 20240227073914.0 |
| 008 - DATOS DE LONGITUD FIJA--INFORMACIÓN GENERAL | |
| campo de control de longitud fija | 110801s1954 dr 000 0 spa d |
| 040 ## - FUENTE DE LA CATALOGACIÓN | |
| Centro catalogador/agencia de origen | DO-SdBNP |
| Lengua de catalogación | spa |
| Centro/agencia transcriptor | BNPHU |
| 082 ## - NÚMERO DE LA CLASIFICACIÓN DECIMAL DEWEY | |
| Número de clasificación | xxxx |
| Número de documento/Ítem | H519s |
| 049 ## - FONDOS LOCALES (OCLC) | |
| Fondos de biblioteca | BNPD |
| 100 1# - ENTRADA PRINCIPAL--NOMBRE DE PERSONA | |
| Nombre de persona | Henríquez Ureña, Max, |
| Fechas asociadas al nombre | 1885-1968 |
| 9 (RLIN) | 2621 |
| 245 13 - MENCIÓN DE TÍTULO | |
| Título | La sociedad de conferencias de la Habana y su época. / |
| Mención de responsabilidad, etc. | Max Henriquez Ureña. |
| 260 ## - PUBLICACIÓN, DISTRIBUCIÓN, ETC. | |
| Lugar de publicación, distribución, etc. | La Habana : |
| Nombre del editor, distribuidor, etc. | Oficina del Historiador de la Ciudad, |
| Fecha de publicación, distribución, etc. | 1954. |
| 300 ## - DESCRIPCIÓN FÍSICA | |
| Extensión | 48 p. ; |
| Dimensiones | 24 cm. |
| 490 1# - MENCIÓN DE SERIE | |
| Mención de serie | Cuaderno de historia habanera |
| Designación de volumen o secuencia | no. 58 |
| 500 ## - NOTA GENERAL | |
| Nota general | Conferencia pronunciada en el Ateneo de La Habana el 11 de noviembre de 1953 |
| 830 #0 - PUNTO DE ACCESO ADICIONAL DE SERIE-TÍTULO UNIFORME | |
| Título uniforme | Cuaderno de historia habanera |
| Designación de volumen o secuencia | 58 |
| 9 (RLIN) | 58644 |
| Estado de retiro | Estado de pérdida | No para préstamo | Código de colección | Localización permanente | Ubicación/localización actual | Ubicación en estantería | Fecha de adquisición | Número de inventario | Total de préstamos | Signatura topográfica completa | Código de barras | Fecha visto por última vez | Precio válido a partir de | Tipo de ítem Koha | Nota pública |
|---|---|---|---|---|---|---|---|---|---|---|---|---|---|---|---|
| Excluido de préstamo | Patrimonio Dominicano | Patrimonio Dominicano | Patrimonio Dominicano | En catalogación | 01.08.2011 | LF1 | xxxx H519s | 32857-10 | 25.06.2020 | 25.06.2020 | Libro y Folleto Colección Patrimonio Dominicano | Perteneció a la biblioteca personal de Martínez Boog |
